[Event "Oberfranken-ch"]
[Site "Schney"]
[Date "2020.01.06"]
[Round "7"]
[White "Breithut, Kurt Georg"]
[Black "Riemer, Ralf"]
[Result "1/2-1/2"]
[WhiteElo "2201"]
[BlackElo "2034"]
[PlyCount "31"]
[EventDate "2020.01.03"]
[EventType "swiss"]
[EventRounds "7"]
[EventCountry "GER"]
[SourceTitle "CBM 194 Extra"]
[Source "ChessBase"]
[SourceDate "2020.03.31"]
[SourceVersion "1"]
[SourceVersionDate "2020.03.31"]
[SourceQuality "1"]

1. d4 Nf6 2. Nf3 d5 3. Bf4 Bf5 4. c3 e6 5. Nbd2 Bd6 6. Bxd6 cxd6 7. Qb3 Qd7 8. e3 0-0 9. Be2 Nc6 10. Nh4 Bg6 11. Nxg6 hxg6 12. Bf3 Rfc8 13. 0-0 Na5 14. Qb4 Nc6 15. Qb3 Na5 16. Qb4 1/2-1/2

[Event "Oberfranken-ch"]
[Site "Schney"]
[Date "2020.01.05"]
[Round "6"]
[White "Wunder, Horst"]
[Black "Breithut, Kurt Georg"]
[Result "1/2-1/2"]
[WhiteElo "2104"]
[BlackElo "2201"]
[PlyCount "78"]
[EventDate "2020.01.03"]
[EventType "swiss"]
[EventRounds "7"]
[EventCountry "GER"]
[SourceTitle "CBM 194 Extra"]
[Source "ChessBase"]
[SourceDate "2020.03.31"]
[SourceVersion "1"]
[SourceVersionDate "2020.03.31"]
[SourceQuality "1"]

1. c4 c6 2. Nf3 d5 3. b3 Nf6 4. Bb2 g6 5. g3 Bg7 6. Bg2 0-0 7. 0-0 Bg4 8. d3 Nbd7 9. Nbd2 Re8 10. Qc2 Bxf3 11. Bxf3 Nf8 12. Bg2 e6 13. a4 N8d7 14. b4 a6 15. Qb3 Qb6 16. h3 Bf8 17. Ba3 Bg7 18. Rab1 Rac8 19. Bb2 Qd8 20. Rfd1 Qc7 21. Rbc1 Qb8 22. Rc2 Nh5 23. Bxg7 Kxg7 24. Rdc1 Rcd8 25. Nf3 Nhf6 26. Nd2 Qe5 27. Nf3 Qd6 28. Qb2 h6 29. Nd2 Qe5 30. Qxe5 Nxe5 31. f4 Ned7 32. Nb3 Nb6 33. Ra1 Re7 34. Na5 Nc8 35. Rb1 Nd6 36. Kf2 dxc4 37. Nxc4 Nxc4 38. Rxc4 Nd5 39. b5 cxb5 1/2-1/2

[Event "Oberfranken-ch"]
[Site "Schney"]
[Date "2020.01.04"]
[Round "3"]
[White "Breithut, Kurt Georg"]
[Black "Moenius, Alexander"]
[Result "1-0"]
[WhiteElo "2201"]
[BlackElo "1877"]
[PlyCount "123"]
[EventDate "2020.01.03"]
[EventType "swiss"]
[EventRounds "7"]
[EventCountry "GER"]
[SourceTitle "CBM 194 Extra"]
[Source "ChessBase"]
[SourceDate "2020.03.31"]
[SourceVersion "1"]
[SourceVersionDate "2020.03.31"]
[SourceQuality "1"]

1. d4 Nf6 2. Nf3 d5 3. g3 c5 4. c3 cxd4 5. cxd4 Nc6 6. Bg2 Bf5 7. 0-0 e6 8. Nc3 Be7 9. Qb3 a6 10. Bg5 Na5 11. Qd1 h6 12. Bxf6 Bxf6 13. Rc1 b5 14. Re1 0-0 15. e4 dxe4 16. Nxe4 Bxe4 17. Rxe4 Rc8 18. b3 Nc6 19. Ne5 Nb4 20. Rxc8 Qxc8 21. Qd2 Nd5 22. Re1 Qc3 23. Rd1 Rd8 24. Bxd5 Qxd2 25. Rxd2 Rxd5 26. f4 Bxe5 27. fxe5 Rd7 28. Kf2 Rc7 29. Ke3 Rc3+ 30. Ke4 Kf8 31. d5 exd5+ 32. Kxd5 Ke7 33. Ke4 Rc6 34. Kd5 Rc3 35. Ke4 Rc6 36. Kf5 f6 37. Re2 fxe5 38. Rxe5+ Kf7 39. Re2 Rf6+ 40. Kg4 Kg6 41. Rd2 Re6 42. Rd7 Kf6 43. Ra7 Rd6 44. Kf4 Re6 45. h3 g5+ 46. Kf3 Kg6 47. Ra8 Kf5 48. g4+ Kf6 49. Rb8 Rc6 50. Ke4 Ke6 51. Rh8 Kf7 52. Rh7+ Kg6 53. Ra7 h5 54. Kd5 Rf6 55. Ke5 hxg4 56. hxg4 Rc6 57. Rd7 Rc5+ 58. Rd5 Rxd5+ 59. Kxd5 Kf6 60. b4 Kf7 61. Ke5 Kg6 62. Ke6 1-0

[Event "Oberfranken-ch"]
[Site "Schney"]
[Date "2020.01.04"]
[Round "4"]
[White "Geisensetter, Franz"]
[Black "Breithut, Kurt Georg"]
[Result "1/2-1/2"]
[WhiteElo "1982"]
[BlackElo "2201"]
[PlyCount "128"]
[EventDate "2020.01.03"]
[EventType "swiss"]
[EventRounds "7"]
[EventCountry "GER"]
[SourceTitle "CBM 194 Extra"]
[Source "ChessBase"]
[SourceDate "2020.03.31"]
[SourceVersion "1"]
[SourceVersionDate "2020.03.31"]
[SourceQuality "1"]

1. e4 g6 2. d4 c6 3. Nf3 Bg7 4. Be2 d5 5. e5 Bg4 6. 0-0 e6 7. c3 c5 8. Na3 a6 9. Bf4 Nc6 10. Nc2 Nge7 11. Qd2 cxd4 12. cxd4 Qb6 13. h3 Bxf3 14. Bxf3 Nf5 15. Rfd1 0-0 16. b3 f6 17. exf6 Bxf6 18. Be3 Rac8 19. Bg4 Rfe8 20. Bxf5 exf5 21. Re1 Re4 22. Rad1 Rce8 23. f3 R4e6 24. Bf2 Qc7 25. Rxe6 Rxe6 26. Re1 Rxe1+ 27. Qxe1 Qe7 28. Qxe7 Nxe7 29. Kf1 Kf7 30. Ke2 Nc6 31. Kd3 Be7 32. Be1 Bd6 33. Ne3 Ke6 34. g4 Bf4 35. Nc2 Nd8 36. a4 Nf7 37. Bh4 Bg5 38. Be1 h5 39. h4 Bd8 40. g5 Bc7 41. Bf2 Bd6 42. Kc3 Kd7 43. Ne1 Nd8 44. Nd3 Ne6 45. Be1 Kc6 46. b4 b5 47. a5 Nf4 48. Nxf4 Bxf4 49. Kd3 Bd6 50. Ke3 f4+ 51. Kd3 Kd7 52. Kc3 Ke6 53. Kd3 Kf5 54. Bd2 Be7 55. Ke2 Bxg5 56. hxg5 Kxg5 57. Kf2 Kf5 58. Kg2 g5 59. Be1 Kf6 60. Kh3 Kf5 61. Kg2 Kg6 62. Kh3 Kf6 63. Bf2 Kf5 64. Kg2 g4 1/2-1/2

[Event "Landesliga Nord 1516"]
[Site "Bayern"]
[Date "2016.01.31"]
[Round "6.2"]
[White "Breithut, Kurt Georg"]
[Black "Basel, Matthias"]
[Result "1/2-1/2"]
[WhiteElo "2147"]
[BlackElo "2006"]
[PlyCount "46"]
[EventDate "2015.10.11"]
[EventType "team-tourn"]
[EventRounds "9"]
[EventCountry "GER"]
[SourceTitle "EXT 2018"]
[Source "ChessBase"]
[SourceDate "2017.10.13"]
[SourceVersion "1"]
[SourceVersionDate "2017.10.13"]
[SourceQuality "1"]
[WhiteTeam "Bamberg SC"]
[BlackTeam "Kitzingen"]
[WhiteTeamCountry "GER"]
[BlackTeamCountry "GER"]

1. d4 Nf6 2. Nf3 g6 3. g3 Bg7 4. Bg2 0-0 5. 0-0 c6 6. Re1 d5 7. c3 Nbd7 8. Bf4 Nh5 9. Be3 Nb6 10. Nbd2 f5 11. Bf4 Nxf4 12. gxf4 Be6 13. e3 Kh8 14. Ne5 Nd7 15. Nxd7 Qxd7 16. Nf3 Bf6 17. Kh1 Rg8 18. Rg1 Bf7 19. Bf1 e6 20. Be2 Qe7 21. Qf1 c5 22. dxc5 Qxc5 23. Ng5 Rg7 1/2-1/2

[Event "Landesliga Nord 1516"]
[Site "Bayern"]
[Date "2016.01.17"]
[Round "5.2"]
[White "Breithut, Kurt Georg"]
[Black "Doeres, Hans Juergen"]
[Result "1/2-1/2"]
[WhiteElo "2147"]
[BlackElo "2158"]
[PlyCount "26"]
[EventDate "2015.10.11"]
[EventType "team-tourn"]
[EventRounds "9"]
[EventCountry "GER"]
[SourceTitle "EXT 2018"]
[Source "ChessBase"]
[SourceDate "2017.10.13"]
[SourceVersion "1"]
[SourceVersionDate "2017.10.13"]
[SourceQuality "1"]
[WhiteTeam "Bamberg SC"]
[BlackTeam "Forchheim II"]
[WhiteTeamCountry "GER"]
[BlackTeamCountry "GER"]

1. d4 d5 2. g3 Nf6 3. Bg2 Bf5 4. c3 c6 5. Qb3 Qb6 6. Bf4 Nbd7 7. Nd2 h6 8. Ngf3 e6 9. 0-0 Be7 10. Ne5 0-0 11. Nxd7 Nxd7 12. e4 dxe4 13. Nxe4 Bxe4 1/2-1/2

[Event "Landesliga Nord 1415"]
[Site "Bayern"]
[Date "2015.04.12"]
[Round "9.2"]
[White "Siepelt, Heiner"]
[Black "Breithut, Kurt Georg"]
[Result "1/2-1/2"]
[WhiteElo "2250"]
[BlackElo "2147"]
[PlyCount "56"]
[EventDate "2014.10.19"]
[EventType "team-tourn"]
[EventRounds "9"]
[EventCountry "GER"]
[SourceTitle "EXT 2018"]
[Source "ChessBase"]
[SourceDate "2017.10.13"]
[SourceVersion "1"]
[SourceVersionDate "2017.10.13"]
[SourceQuality "1"]
[WhiteTeam "Wuerzburg"]
[BlackTeam "Bamberg SC"]
[WhiteTeamCountry "GER"]
[BlackTeamCountry "GER"]

1. e4 g6 2. d4 c6 3. Nf3 d5 4. Nbd2 Bg4 5. Bd3 Bg7 6. c3 Bxf3 7. Qxf3 dxe4 8. Nxe4 Nd7 9. 0-0 Ngf6 10. Re1 0-0 11. Nd2 Re8 12. Nc4 Rc8 13. Bg5 Qc7 14. Bf4 Qd8 15. a4 Nb6 16. Ne5 Nbd7 17. Bc4 e6 18. Bg5 Qc7 19. Nd3 Qa5 20. Ne5 Qc7 21. Bf4 Nxe5 22. Bxe5 Qd8 23. a5 a6 24. b4 Nd5 25. Bf1 Bxe5 26. dxe5 Qe7 27. g3 Red8 28. h4 h5 1/2-1/2

[Event "Landesliga Nord 1415"]
[Site "Bayern"]
[Date "2015.02.22"]
[Round "7.2"]
[White "Wagner, Florian"]
[Black "Breithut, Kurt Georg"]
[Result "1/2-1/2"]
[WhiteElo "2109"]
[BlackElo "2147"]
[PlyCount "91"]
[EventDate "2014.10.19"]
[EventType "team-tourn"]
[EventRounds "9"]
[EventCountry "GER"]
[SourceTitle "EXT 2018"]
[Source "ChessBase"]
[SourceDate "2017.10.13"]
[SourceVersion "1"]
[SourceVersionDate "2017.10.13"]
[SourceQuality "1"]
[WhiteTeam "Nuernberg NT II"]
[BlackTeam "Bamberg SC"]
[WhiteTeamCountry "GER"]
[BlackTeamCountry "GER"]

1. e4 g6 2. d4 c6 3. Nc3 d5 4. h3 Bg7 5. Nf3 dxe4 6. Nxe4 Nd7 7. c4 Ngf6 8. Nc3 0-0 9. Be2 Qc7 10. 0-0 Nb6 11. Be3 Be6 12. b3 Rad8 13. Qd2 Bf5 14. Bf4 Qc8 15. Qe3 Rfe8 16. Rad1 Qe6 17. Ne5 Qc8 18. g4 Be6 19. Bh6 Nfd7 20. Bxg7 Kxg7 21. f4 Nxe5 22. Qxe5+ f6 23. Qa5 Qb8 24. Ne4 Bg8 25. f5 g5 26. Bf3 Nd7 27. Qc3 h6 28. Rfe1 Qc7 29. Kg2 b6 30. Rd2 c5 31. d5 Ne5 32. Red1 Rf8 33. d6 exd6 34. Nxd6 Qe7 35. Qe3 Bf7 36. a3 Rd7 37. b4 Rfd8 38. bxc5 bxc5 39. Qxc5 Nxc4 40. Re2 Qf8 41. Ne8+ Bxe8 42. Rxd7+ Rxd7 43. Qxc4 Bf7 44. Qc6 Qd8 45. Qc5 Qc7 46. Qe3 1/2-1/2

[Event "Landesliga Nord 1415"]
[Site "Bayern"]
[Date "2015.02.01"]
[Round "6.2"]
[White "Breithut, Kurt Georg"]
[Black "Kordts, Wolfgang"]
[Result "1/2-1/2"]
[WhiteElo "2147"]
[BlackElo "2159"]
[PlyCount "31"]
[EventDate "2014.10.19"]
[EventType "team-tourn"]
[EventRounds "9"]
[EventCountry "GER"]
[SourceTitle "EXT 2018"]
[Source "ChessBase"]
[SourceDate "2017.10.13"]
[SourceVersion "1"]
[SourceVersionDate "2017.10.13"]
[SourceQuality "1"]
[WhiteTeam "Bamberg SC"]
[BlackTeam "Nuernberg Sued SW"]
[WhiteTeamCountry "GER"]
[BlackTeamCountry "GER"]

1. d4 Nf6 2. g3 d5 3. Bg2 c6 4. c3 Bf5 5. Qb3 Qb6 6. Bg5 Ne4 7. Be3 h6 8. Nd2 Nxd2 9. Bxd2 Nd7 10. Nf3 e6 11. 0-0 Be7 12. Rfe1 0-0 13. Be3 a5 14. Nd2 a4 15. Qxb6 Nxb6 16. a3 1/2-1/2

[Event "Landesliga Nord 1213"]
[Site "Bayern"]
[Date "2012.11.25"]
[Round "3.1"]
[White "Mueller, Marcus2222"]
[Black "Breithut, Kurt Georg"]
[Result "0-1"]
[WhiteElo "2048"]
[BlackElo "2140"]
[PlyCount "64"]
[EventDate "2012.10.14"]
[EventType "team-tourn"]
[EventRounds "9"]
[EventCountry "GER"]
[SourceTitle "EXT 2015"]
[Source "ChessBase"]
[SourceDate "2014.11.20"]
[SourceVersion "1"]
[SourceVersionDate "2014.11.20"]
[SourceQuality "1"]
[WhiteTeam "Zirndorf"]
[BlackTeam "Bamberg"]
[WhiteTeamCountry "GER"]
[BlackTeamCountry "GER"]

1. d4 g6 2. Nf3 Bg7 3. g3 d5 4. Bg2 Nf6 5. 0-0 0-0 6. c4 c6 7. Nbd2 Bg4 8. Re1 Nbd7 9. h3 Bxf3 10. Nxf3 e6 11. Bf4 Re8 12. Qc2 Ne4 13. a3 a6 14. Rab1 Rc8 15. b4 b5 16. c5 f5 17. Rb3 e5 18. dxe5 Nxe5 19. Nxe5 Bxe5 20. Bxe5 Rxe5 21. a4 Re6 22. axb5 axb5 23. Ra3 Qf6 24. Rea1 Qd4 25. Bxe4 fxe4 26. e3 Qf6 27. Ra7 Rce8 28. Qd2 Rf8 29. R1a2 Qf5 30. Qd4 Ref6 31. Kg2 Qf3+ 32. Kh2 Qxf2+ 0-1

[Event "Landesliga Nord 1213"]
[Site "Bayern"]
[Date "2012.11.11"]
[Round "2.2"]
[White "Goehring, Karl Heinz"]
[Black "Breithut, Kurt Georg"]
[Result "1/2-1/2"]
[WhiteElo "2203"]
[BlackElo "2140"]
[PlyCount "42"]
[EventDate "2012.10.14"]
[EventType "team-tourn"]
[EventRounds "9"]
[EventCountry "GER"]
[SourceTitle "EXT 2015"]
[Source "ChessBase"]
[SourceDate "2014.11.20"]
[SourceVersion "1"]
[SourceVersionDate "2014.11.20"]
[SourceQuality "1"]
[WhiteTeam "Schweinfurt"]
[BlackTeam "Bamberg"]
[WhiteTeamCountry "GER"]
[BlackTeamCountry "GER"]

1. d4 d5 2. Nf3 Nf6 3. c4 c6 4. Nc3 g6 5. e3 Bg7 6. Be2 0-0 7. 0-0 Bg4 8. cxd5 cxd5 9. Bd2 e6 10. Rc1 Nc6 11. h3 Bxf3 12. Bxf3 Rc8 13. Be2 a6 14. Na4 Nd7 15. Qb3 b5 16. Nc5 Nxc5 17. Rxc5 Qb6 18. Rfc1 Na7 19. a4 Rxc5 20. Rxc5 Rb8 21. axb5 Bf8 1/2-1/2

[Event "Regionalliga NW 1011"]
[Site "Bayern"]
[Date "2011.03.20"]
[Round "8.2"]
[White "Kopp, Andre"]
[Black "Breithut, Kurt Georg"]
[Result "0-1"]
[WhiteElo "2159"]
[BlackElo "2112"]
[PlyCount "72"]
[EventDate "2010.10.10"]
[EventType "team-tourn"]
[EventRounds "9"]
[EventCountry "GER"]
[SourceTitle "EXT 2012"]
[Source "ChessBase"]
[SourceDate "2011.11.24"]
[SourceVersion "1"]
[SourceVersionDate "2011.11.24"]
[SourceQuality "1"]
[WhiteTeam "Marktleuthen"]
[BlackTeam "Kronach"]
[WhiteTeamCountry "GER"]
[BlackTeamCountry "GER"]

1. d4 g6 2. e4 c6 3. Be2 d5 4. exd5 cxd5 5. Nf3 Bg7 6. Bf4 Nf6 7. 0-0 Bg4 8. Nbd2 0-0 9. c3 Nc6 10. h3 Bxf3 11. Bxf3 e6 12. Re1 b5 13. a3 a5 14. b4 a4 15. Qe2 Qb6 16. Nf1 Rac8 17. Rac1 Ne7 18. g4 Rc6 19. Qd3 Nc8 20. g5 Nd7 21. Ne3 Qa6 22. h4 Nd6 23. h5 Nf5 24. Nxf5 gxf5 25. Be2 Rb6 26. Qg3 Re8 27. Bd3 Qc8 28. Kh1 Nf8 29. Be5 Bxe5 30. dxe5 Qc6 31. Bf1 Rc8 32. Red1 Qb7 33. Rd4 Rbc6 34. f4 Qb6 35. Qd3 Rc4 36. Kg2 Rxd4 0-1

[Event "Regionalliga NW 1011"]
[Site "Bayern"]
[Date "2010.10.10"]
[Round "1.2"]
[White "Urytskyy, Arkadiy"]
[Black "Breithut, Kurt Georg"]
[Result "1/2-1/2"]
[WhiteElo "2103"]
[BlackElo "2112"]
[PlyCount "76"]
[EventDate "2010.10.10"]
[EventType "team-tourn"]
[EventRounds "9"]
[EventCountry "GER"]
[SourceTitle "EXT 2012"]
[Source "ChessBase"]
[SourceDate "2011.11.24"]
[SourceVersion "1"]
[SourceVersionDate "2011.11.24"]
[SourceQuality "1"]
[WhiteTeam "Kirchenlaibach"]
[BlackTeam "Kronach"]
[WhiteTeamCountry "GER"]
[BlackTeamCountry "GER"]

1. Nf3 g6 2. c4 c6 3. g3 d5 4. Bg2 Nf6 5. b3 Bg7 6. Bb2 0-0 7. 0-0 Bg4 8. d3 Bxf3 9. Bxf3 e6 10. Nd2 Nbd7 11. e4 dxe4 12. dxe4 Qc7 13. Bg2 Rfd8 14. Qc2 Ne5 15. Rad1 Nd3 16. Bc3 Ng4 17. Bxg7 Kxg7 18. h3 Nf6 19. f4 Qb6+ 20. Kh2 Qd4 21. e5 Ne8 22. Ne4 Qb2 23. Qxb2 Nxb2 24. Rb1 Nd3 25. Rfd1 Rd7 26. Kg1 Rad8 27. Kf1 Nxe5 28. Rxd7 Nxd7 29. Rd1 Nef6 30. Nc5 b6 31. Nxd7 Rxd7 32. Rxd7 Nxd7 33. Bxc6 Nf6 34. Kf2 Kf8 35. Ke3 Ke7 36. Bf3 Kd6 37. Kd4 Nd7 38. b4 f6 1/2-1/2

[Event "Regionalliga NW 0708"]
[Site "Bayern"]
[Date "2008.03.09"]
[Round "7.1"]
[White "Breithut, Kurt Georg"]
[Black "Golda, Harald"]
[Result "1/2-1/2"]
[WhiteElo "2115"]
[BlackElo "2274"]
[PlyCount "85"]
[EventDate "2007.10.21"]
[EventType "team-tourn"]
[EventRounds "9"]
[EventCountry "GER"]
[SourceTitle "EXT 2009"]
[Source "ChessBase"]
[SourceDate "2008.11.26"]
[SourceVersion "1"]
[SourceVersionDate "2008.11.26"]
[SourceQuality "1"]
[WhiteTeam "Bamberg II"]
[BlackTeam "Schweinfurt"]
[WhiteTeamCountry "GER"]
[BlackTeamCountry "GER"]

1. d4 Nf6 2. Nf3 e6 3. g3 d5 4. Bg2 Be7 5. 0-0 0-0 6. c3 c5 7. Bg5 h6 8. Bxf6 Bxf6 9. Qb3 Nc6 10. e3 b6 11. Re1 Ba6 12. Nbd2 cxd4 13. Nxd4 Nxd4 14. cxd4 Qd7 15. Bf1 Bxf1 16. Rxf1 Rac8 17. Rac1 Rc7 18. Nb1 Rfc8 19. Rxc7 Qxc7 20. Nc3 Qc4 21. Qxc4 Rxc4 22. Rd1 Be7 23. Rc1 Bb4 24. Kf1 Bxc3 25. Rxc3 Rxc3 26. bxc3 Kf8 27. Ke2 Ke7 28. Kd3 Kd6 29. c4 f5 30. f3 Kc6 31. h3 a6 32. a3 Kd6 33. e4 dxe4+ 34. fxe4 b5 35. cxb5 axb5 36. Ke3 fxe4 37. Kxe4 g6 38. h4 h5 39. Ke3 Kd5 40. Kd3 Kc6 41. Ke4 Kd6 42. Ke3 Kd5 43. Kd3 1/2-1/2

[Event "Regionalliga NW 0708"]
[Site "Bayern"]
[Date "2008.02.17"]
[Round "6.2"]
[White "Breithut, Kurt Georg"]
[Black "Strobel, Walter"]
[Result "1/2-1/2"]
[WhiteElo "2115"]
[BlackElo "2131"]
[PlyCount "61"]
[EventDate "2007.10.21"]
[EventType "team-tourn"]
[EventRounds "9"]
[EventCountry "GER"]
[SourceTitle "EXT 2009"]
[Source "ChessBase"]
[SourceDate "2008.11.26"]
[SourceVersion "1"]
[SourceVersionDate "2008.11.26"]
[SourceQuality "1"]
[WhiteTeam "Bamberg II"]
[BlackTeam "Klingenberg"]
[WhiteTeamCountry "GER"]
[BlackTeamCountry "GER"]

1. d4 d5 2. g3 c6 3. Bg2 Nf6 4. Nf3 e6 5. c3 Nbd7 6. Qb3 Qb6 7. Bf4 h6 8. Ne5 Nxe5 9. Bxe5 Nd7 10. Bf4 c5 11. Be3 Qxb3 12. axb3 b6 13. Nd2 Bb7 14. Nf3 Bd6 15. Bf4 Bxf4 16. gxf4 g6 17. e3 Ke7 18. Kd2 a5 19. Bf1 Rhc8 20. Rg1 Nf6 21. Bb5 Ne4+ 22. Ke2 Nd6 23. Bd3 c4 24. bxc4 dxc4 25. Bc2 Rg8 26. h4 h5 27. Nd2 Rac8 28. f3 Rc7 29. e4 f5 30. Ke3 Kf7 31. Ra2 1/2-1/2

[Event "Oberfranken-ch M 0708"]
[Site "Schney"]
[Date "2008.01.03"]
[Round "3"]
[White "Urytskyy, Arkadiy"]
[Black "Breithut, Kurt Georg"]
[Result "1-0"]
[WhiteElo "2158"]
[BlackElo "2122"]
[PlyCount "157"]
[EventDate "2008.01.02"]
[EventType "swiss"]
[EventRounds "7"]
[EventCountry "GER"]
[SourceTitle "CBM 122 Extra"]
[Source "ChessBase"]
[SourceDate "2008.03.04"]
[SourceVersion "1"]
[SourceVersionDate "2008.03.04"]
[SourceQuality "1"]

1. Nf3 b6 2. g3 Bb7 3. Bg2 g6 4. 0-0 Bg7 5. c4 Nf6 6. Nc3 0-0 7. d4 d6 8. Qc2 Nbd7 9. Rd1 Re8 10. e4 e5 11. d5 a5 12. Bg5 h6 13. Bd2 Nc5 14. b3 Bc8 15. Ne1 Bd7 16. Nd3 Nxd3 17. Qxd3 Qc8 18. a3 Bh3 19. b4 Bxg2 20. Kxg2 Bf8 21. Nb5 axb4 22. axb4 Qb7 23. f3 Rec8 24. Be3 Ne8 25. Nc3 Rxa1 26. Rxa1 Ra8 27. Qd1 f5 28. Ra4 Nf6 29. Qa1 Rxa4 30. Qxa4 fxe4 31. Nxe4 Nxe4 32. fxe4 Qc8 33. h3 Qd8 34. Qa7 Qc8 35. c5 bxc5 36. bxc5 dxc5 37. Bxc5 Bd6 38. Be3 g5 39. Qa4 Kg7 40. Qd1 Qa6 41. Qg4 Qd3 42. Bf2 Qc2 43. Qd7+ Kg8 44. Qf5 Kg7 45. h4 gxh4 46. gxh4 h5 47. Qg5+ Kf8 48. Qxh5 Bc5 49. Qf5+ Ke7 50. Qxe5+ Kd8 51. Qf6+ Ke8 52. Qc6+ Kd8 53. Qxc5 Qxe4+ 54. Kh2 Qe2 55. Qf8+ Kd7 56. Qf7+ Kd6 57. Qe6+ Qxe6 58. dxe6 Kxe6 59. Kg3 Kf5 60. Be3 Ke4 61. Bc5 Kf5 62. Bf8 c6 63. Bc5 Kf6 64. Kg4 Kg6 65. h5+ Kf6 66. Bd4+ Kf7 67. Kg5 Kg8 68. Kg6 c5 69. Bc3 c4 70. h6 Kf8 71. h7 Ke7 72. h8Q Kd6 73. Qd4+ Ke6 74. Qe5+ Kd7 75. Qd5+ Kc7 76. Ba5+ Kc8 77. Bb6 c3 78. Qf7 c2 79. Qc7# 1-0

[Event "Regionalliga NW 0708"]
[Site "Bayern"]
[Date "2007.10.21"]
[Round "1.1"]
[White "Breithut, Kurt Georg"]
[Black "Kunz, Konstantin"]
[Result "1-0"]
[WhiteElo "2120"]
[BlackElo "2080"]
[PlyCount "139"]
[EventDate "2007.10.21"]
[EventType "team-tourn"]
[EventRounds "9"]
[EventCountry "GER"]
[SourceTitle "EXT 2009"]
[Source "ChessBase"]
[SourceDate "2008.11.26"]
[SourceVersion "1"]
[SourceVersionDate "2008.11.26"]
[SourceQuality "1"]
[WhiteTeam "Bamberg II"]
[BlackTeam "Kitzingen"]
[WhiteTeamCountry "GER"]
[BlackTeamCountry "GER"]

1. d4 Nf6 2. g3 d5 3. Bg2 c6 4. Nf3 Bf5 5. 0-0 e6 6. Bg5 Qb6 7. Qc1 Nbd7 8. Nbd2 h6 9. Bxf6 Nxf6 10. Re1 Be7 11. c3 0-0 12. Ne5 Rfd8 13. b4 Qc7 14. Qb2 Bd6 15. Nd3 Rac8 16. Rac1 b6 17. Nb3 h5 18. Nd2 h4 19. Nf1 hxg3 20. hxg3 c5 21. bxc5 bxc5 22. Nxc5 Bxc5 23. dxc5 Qxc5 24. Qb4 a5 25. Qa4 Ng4 26. Qd4 Qa3 27. Qd2 Rc4 28. Bh3 Rdc8 29. Bxg4 Bxg4 30. Ne3 Ra4 31. c4 Bh5 32. cxd5 Rxc1 33. Rxc1 Qxa2 34. Qxa2 Rxa2 35. d6 Rd2 36. Nc4 Rd4 37. e3 Rd3 38. Ra1 Be2 39. Re1 Bh5 40. g4 Bg6 41. Ra1 Be4 42. Kh2 f6 43. Rxa5 e5 44. Kg3 Bd5 45. Nb2 Rd2 46. Rb5 Kf7 47. Rb6 Ke6 48. Na4 Rc2 49. Ra6 Rc6 50. d7 Kxd7 51. Ra7+ Ke6 52. Rxg7 Rc1 53. f3 Ra1 54. Nc3 Bc6 55. Rg6 Ke7 56. Rg7+ Kd6 57. Rh7 Ra3 58. Nd1 Ra1 59. Rh1 Ke6 60. Nf2 Ra3 61. e4 Rc3 62. Rh6 Rc1 63. Kg2 Rc2 64. g5 Ba4 65. Rxf6+ Ke7 66. Kg3 Rc1 67. Ng4 Rc5 68. Nh6 Rc1 69. Nf5+ Ke8 70. Nd6+ 1-0

[Event "Oberfranken-ch M 0607"]
[Site "Schney"]
[Date "2007.01.06"]
[Round "8"]
[White "Breithut, Kurt Georg"]
[Black "Urytskyy, Michael"]
[Result "1-0"]
[WhiteElo "2085"]
[BlackElo "2102"]
[PlyCount "111"]
[EventDate "2007.01.02"]
[EventType "swiss"]
[EventRounds "9"]
[EventCountry "GER"]
[SourceTitle "EXT 2015"]
[Source "ChessBase"]
[SourceDate "2014.11.20"]
[SourceVersion "1"]
[SourceVersionDate "2014.11.20"]
[SourceQuality "1"]

1. e4 c5 2. Nf3 d6 3. Bb5+ Bd7 4. Bxd7+ Nxd7 5. 0-0 g6 6. c3 Bg7 7. d4 Nh6 8. h3 0-0 9. Be3 Kh8 10. Na3 Rc8 11. Re1 Ng8 12. Qe2 Qc7 13. Rad1 a6 14. dxc5 Nxc5 15. e5 dxe5 16. Bxc5 Qxc5 17. Nxe5 Bxe5 18. Qxe5+ Qxe5 19. Rxe5 Rfd8 20. Red5 Rxd5 21. Rxd5 Nf6 22. Rd3 Kg7 23. Kf1 Kf8 24. Ke2 Ke8 25. Nc2 e6 26. Ne3 Ke7 27. Rd4 Rc7 28. Kd3 Nd7 29. Kc2 Ne5 30. Re4 Kf6 31. Rd4 Nc6 32. Rd2 Ke7 33. Kb3 Na5+ 34. Kb4 b6 35. c4 Nb7 36. b3 Nc5 37. f3 Nd7 38. Kc3 h5 39. b4 Nf6 40. Kb3 Nd7 41. Nd1 Ne5 42. Nb2 g5 43. Rd4 f5 44. Na4 Nxc4 45. Rxc4 Rxc4 46. Kxc4 b5+ 47. Kb3 bxa4+ 48. Kxa4 e5 49. b5 axb5+ 50. Kxb5 e4 51. fxe4 f4 52. Kc4 g4 53. hxg4 h4 54. Kd4 f3 55. Ke3 fxg2 56. Kf2 1-0

[Event "Regionalliga NW 0506"]
[Site "Bayern"]
[Date "2006.04.02"]
[Round "9.1"]
[White "Breithut, Kurt Georg"]
[Black "Hegmann, Hartmut"]
[Result "1-0"]
[WhiteElo "2120"]
[BlackElo "2009"]
[PlyCount "161"]
[EventDate "2005.10.23"]
[EventType "team-tourn"]
[EventRounds "9"]
[EventCountry "GER"]
[SourceTitle "EXT 2007"]
[Source "ChessBase"]
[SourceDate "2006.11.23"]
[SourceVersion "1"]
[SourceVersionDate "2006.11.23"]
[SourceQuality "1"]

1. e4 c6 2. d4 d5 3. exd5 cxd5 4. Bd3 Nc6 5. c3 g6 6. Bf4 Nh6 7. h4 Bf5 8. h5 Qb6 9. Bc1 Bg7 10. hxg6 hxg6 11. Bxf5 Nxf5 12. Rxh8+ Bxh8 13. Nf3 0-0-0 14. Qb3 Qa6 15. Bf4 Qd3 16. Nbd2 g5 17. Nxg5 Nh4 18. 0-0-0 Nxg2 19. Bg3 Qf5 20. Ngf3 Nf4 21. Bxf4 Qxf4 22. Qc2 Kb8 23. Qd3 e5 24. dxe5 Bxe5 25. Qe3 Qf5 26. Qg5 Qxg5 27. Nxg5 Bf4 28. Ngf3 d4 29. cxd4 Nxd4 30. Nxd4 Rxd4 31. Kc2 Kc7 32. Nf3 Rxd1 33. Kxd1 Kd6 34. Kc2 Kd5 35. Kd3 Bc7 36. Nd2 f5 37. b3 b5 38. Nb1 Be5 39. Na3 a6 40. Nc2 Bd6 41. f3 Ke5 42. Ke2 Bc5 43. Kd3 Kf4 44. Ke2 Ke5 45. Kd3 Kd5 46. Ke2 a5 47. Kd3 f4 48. Ne1 Ba3 49. Nc2 Bb2 50. Ke2 Bf6 51. Kd3 Be5 52. Na3 Kc5 53. Ke4 Bc7 54. Nc2 a4 55. Kd3 axb3 56. axb3 Ba5 57. Nd4 Kb6 58. Ne6 Kc6 59. Nxf4 Kc5 60. Ne2 Bd8 61. Nd4 Bf6 62. Nc2 Be5 63. Ke4 Kd6 64. Na3 Bb2 65. Nc2 Kc6 66. f4 Kd6 67. f5 Bf6 68. Nb4 Kc5 69. Nd3+ Kd6 70. Nf4 Kc5 71. Kd3 Be5 72. Nh5 Kd5 73. f6 Ke6 74. Ke4 Bc3 75. Nf4+ Kf7 76. Nd5 b4 77. Nxc3 bxc3 78. Kd3 c2 79. Kxc2 Kxf6 80. Kc3 Ke5 81. Kb4 1-0